000
00339nam a2200133Ia 4500
008
220216s9999 xx 000 0 und d
100
_a
Ruffell J F E
245
0
_a
Hypalon and neoprene: Some outstanding properties
260
_b
Proceedings of the IRI
_c
1957
300
_a
76-84
650
_a
Hypalon
650
_a
Neoprene
942
_c
JS
999
_c
60560
_d
60560